| 000 | 00589nam a22001937a 4500 | ||
|---|---|---|---|
| 999 |
_c17682 _d17682 |
||
| 003 | AR-CdUCM | ||
| 008 | 190509b ||||| |||| 00| 0 spa d | ||
| 040 |
_aMUNICIPALIDAD PROVINCIAL DEL CUSCO _cBIBLIOTECA MUNICIPAL DEL CUSCO |
||
| 082 |
_a926 / _bB15 |
||
| 100 |
_aBaeza, Jose _927069 |
||
| 245 |
_aBenjamin Franklin : _bRelatada a los niños / |
||
| 260 | _bEdiciones Arcilla, | ||
| 300 |
_a84 paginas ; _c19 cm. |
||
| 500 | _aHistoria de Benjamin Franklin para niños | ||
| 650 |
_aLiteratura _983 |
||
| 650 |
_aHistorias _92725 |
||
| 942 |
_2ddc _cLIBROS |
||
| 945 |
_apjha _d2019-05-09 |
||